| 000 | 00868nam a2200217 a 4500 | ||
|---|---|---|---|
| 003 | 0 | ||
| 005 | 20250424135150.0 | ||
| 008 | 970114s19uu xx 00 eng d | ||
| 050 |
_aPGS HV 887.P6 _b.G643 2003 |
||
| 100 | _aGonzales, John Benedict O. | ||
| 245 |
_aA study of street children in Almanza, Las Piñas City / _cJohn Benedict O. Gonzales. |
||
| 260 |
_aLas Piñas City, Philippines : _bSouthville International School and Colleges, _c2003. |
||
| 300 |
_a19 pages : _billustrations ; _c28 cm. |
||
| 504 | _aIncludes bibliographical references. | ||
| 650 |
_aStreet children _zPhilippines _zLas Piñas City. |
||
| 650 |
_aHomeless children _zPhilippines. |
||
| 650 |
_aChildren _vSocial conditions _zPhilippines. |
||
| 650 |
_aUrban poor children _zPhilippines _zLas Piñas City. |
||
| 650 |
_aChild welfare _zPhilippines _zLas Piñas City. |
||
| 942 |
_2lcc _cPASS |
||
| 999 |
_c96866 _d96866 |
||